Safety is in the upkeep (Record no. 72185)

MARC details
000 -LEADER
fixed length control field 01512cam a2200265 4500
001 - CONTROL NUMBER
control field ABS66436
008 - FIXED-LENGTH DATA ELEMENTS--GENERAL INFORMATION
fixed length control field 030228n2003 000 0 eng u
035 ## - SYSTEM CONTROL NUMBER
System control number (Sirsi) u121467
100 ## - MAIN ENTRY--PERSONAL NAME
Personal name Cozens, P.
245 ## - TITLE STATEMENT
Title Safety is in the upkeep
260 ## - PUBLICATION, DISTRIBUTION, ETC.
Date of publication, distribution, etc. 2003
490 ## - SERIES STATEMENT
Series statement Regeneration and Renewal
Volume/sequential designation 7 February 2003, 24(1)
520 ## - SUMMARY, ETC.
Summary, etc. Suggests that urban design, different types of dwelling, and the level of housing maintenance can influence the occurrence of crime in particular areas. Discusses the Crime Prevention Through Environmental Design (CPTED) approach that promotes the manipulation of the built environment to reduce criminal activity. Research by the University of Glamorgan also found that certain housing types such as low-rise and high-rise flats were seen as more prone to crime than semi-detached houses or terraces. However, in addition to physical design, the level of maintenance and repair of each property was perceived as a key factor in determining the likelihood of crime. In the light of the Crime and Disorder Act 1998 and the Human Rights Act 1998, concludes that councils may have to impose specific demands on property owners to repair derelict or vacant buildings.
590 ## - LOCAL NOTE (RLIN)
Local note ABS
650 ## - SUBJECT ADDED ENTRY--TOPICAL TERM
Topical term or geographic name entry element CRIME PREVENTION
650 ## - SUBJECT ADDED ENTRY--TOPICAL TERM
Topical term or geographic name entry element BUILT ENVIRONMENT
650 ## - SUBJECT ADDED ENTRY--TOPICAL TERM
Topical term or geographic name entry element ENVIRONMENTAL DESIGN
650 ## - SUBJECT ADDED ENTRY--TOPICAL TERM
Topical term or geographic name entry element URBAN DESIGN
650 ## - SUBJECT ADDED ENTRY--TOPICAL TERM
Topical term or geographic name entry element HOUSING TYPES
650 ## - SUBJECT ADDED ENTRY--TOPICAL TERM
Topical term or geographic name entry element HOUSING MAINTENANCE
690 ## - LOCAL SUBJECT ADDED ENTRY--TOPICAL TERM (OCLC, RLIN)
Topical term or geographic name as entry element HOUSING
700 ## - ADDED ENTRY--PERSONAL NAME
Personal name Hillier, D.
700 ## - ADDED ENTRY--PERSONAL NAME
Personal name Prescott, G.
942 ## - ADDED ENTRY ELEMENTS (KOHA)
Suppress in OPAC 0
Holdings
Withdrawn status Lost status Source of classification or shelving scheme Damaged status Not for loan Home library Current library Shelving location Date acquired Total Checkouts Full call number Barcode Date last seen Copy number Price effective from Koha item type
    Dewey Decimal Classification     London London Journal article 28/02/2003   ABS66436 121467-1001 06/08/2019 1 06/08/2019 Journal article